Statistics for Which Flag Is This?

Click here to take the quiz!

General Stats

  • This quiz has been taken 17 times
    (12 since last reset)
  • The average score is 12 of 16

Answer Stats

Answer% Correct
Canada
100%
North Korea
92%
South Africa
92%
Turkey
92%
Kazakhstan
75%
Malta
75%
Mongolia
75%
Nepal
75%
Panama
75%
Suriname
75%
Sweden
75%
Belize
67%
Mozambique
67%
Fiji
58%
Kiribati
58%
Solomon Island
58%

Score Distribution

Percentile by Number Answered

Percent of People with Each Score

Your Score History

You have not taken this quiz since the last reset